000 00441nam a2200181Ia 4500
003 OSt
005 20230524152224.0
008 210423s1999 xx 000 0 und d
040 _cAL
041 _aeng
082 _a658
_223
_bTRIP
100 _aTRIPATHI (P C);REDDY (P N).
_9112769
245 _aPrinciples of management.
260 _aNew Delhi
_c1999
365 _b135
_cINR
906 _amanagement. ; Principles
942 _2ddc
_cBK
999 _c172907
_d172907